Entry Nombre personal
001 - NÚMERO DE CONTROL
- campo de control: 8332
003 - IDENTIFICADOR DE NÚMERO DE CONTROL
- campo de control: OSt
005 - FECHA Y HORA DE LA ÚLTIMA TRANSACCIÓN
- campo de control: 20241029132636.0
008 - ELEMENTOS DE DATO DE LONGITUD-FIJA
- campo de control de longitud fija: 950810 b azzaaaaaa a aaa d
024 7# - IDENTIFICADOR DE OTROS ESTÁNDARES
- Número estándar o código: http://www.wikidata.org/entity/Q322256
- Fuente: wikidata
024 7# - IDENTIFICADOR DE OTROS ESTÁNDARES
- Número estándar o código: http://viaf.org/viaf/50003292/
- Fuente: viaf
024 7# - IDENTIFICADOR DE OTROS ESTÁNDARES
- Número estándar o código: https://isni.org/isni/0000000079750867
- Fuente: isni
040 ## - FUENTE DE CATALOGACIÓN
- Centro catalogador/agencia de origen: SpMaBN
- Lengua de catalogación: spa
- Centro/agencia transcriptor: SpMaBN
- Normas de descripción: rdc
- Convención/Normas de encabezamiento de materia/tesauro: embne
046 ## - FECHAS CON CODIFICACIÓN ESPECIAL
- Fecha de nacimiento: 1850
- Fecha de la muerte: 1922
100 1# - ENCABEZAMIENTO-NOMBRE DE PERSONA
- Nombre de persona: Scontrino, Antonio (
- Fechas asociadas al nombre: 1850-1922)
370 ## - LUGAR ASOCIADO
- Lugar de nacimiento: Trapani
- Número de control del registro de autoridad o número normalizado: XX459278
- Fuente de información: Wikidata
372 ## - CAMPO DE ACTIVIDAD
- Campo de actividad: Ópera
- Fuente de información: Wikidata
374 ## - OCUPACIÓN
- Ocupación: Compositores
- Fuente de información: Wikidata
375 ## - GÉNERO/SEXO
- Género: Masculino
- Fuente de información: Wikidata
670 ## - FUENTE DE DATOS ENCONTRADOS
- Cita de la fuente: The New Grove Dictionary of Music and Musicians, Macmillan, 2002
- Información encontrada: (Scontrino, Antonio; b. Trapani, Sicily, 17 May 1850, d. Florence, 7 Jan. 1922; Italian double bass player and composer)
670 ## - FUENTE DE DATOS ENCONTRADOS
- Cita de la fuente: A mi donna?, 1883
- Información encontrada: cabecera (Antonio Scontrino)